[Event "Titled Tuesday intern op 14th Nov Early"]
[Site "Chess.com INT"]
[Date "2023.11.14"]
[Round "3"]
[White "Beerdsen, Thomas"]
[Black "Navarrete Mendez, Gonzalo Albe"]
[Result "0-1"]
[WhiteElo "2504"]
[BlackElo "2189"]
[PlyCount "52"]
[EventDate "2023.11.14"]
[EventType "swiss (blitz)"]
[EventRounds "11"]
[EventCountry "USA"]
[SourceTitle "CB47_2023"]
[SourceDate "2023.11.22"]
[SourceVersion "1"]
[SourceVersionDate "2023.11.22"]
[SourceQuality "1"]

1. e4 e5 2. d4 exd4 3. Qxd4 Nc6 4. Qd3 Nf6 5. Nc3 d5 6. Bf4 Nb4 7. Qe2 dxe4 8. Rd1 Bd6 9. Bxd6 cxd6 10. Nxe4 0-0 11. Nxf6+ Qxf6 12. c3 Bf5 13. Qc4 Nc2+ 14. Kd2 Qg5+ 15. f4 Qe7 16. Bd3 Ne3 17. Qd4 Nxd1 18. Bxf5 Nxb2 19. Nf3 d5 20. Re1 Nc4+ 21. Kd3 Qa3 22. Ne5 Qxa2 23. Nxc4 dxc4+ 24. Ke3 Rfe8+ 25. Be4 Rad8 26. Qc5 Rd3# 0-1

[Event "Titled Tuesday intern op 27th Sep Early"]
[Site "Chess.com INT"]
[Date "2022.09.27"]
[Round "2"]
[White "Navarrete Mendez, Gonzalo Albe"]
[Black "Pultinevicius, Paulius"]
[Result "0-1"]
[WhiteElo "2185"]
[BlackElo "2585"]
[PlyCount "106"]
[EventDate "2022.09.27"]
[EventType "swiss (blitz)"]
[EventRounds "11"]
[EventCountry "USA"]
[SourceTitle "CBM 210 Extra"]
[Source "ChessBase"]
[SourceDate "2022.11.30"]
[SourceVersion "1"]
[SourceVersionDate "2022.11.30"]
[SourceQuality "1"]

1. e4 c6 2. Nc3 d5 3. Nf3 dxe4 4. Nxe4 Nf6 5. Qe2 Nxe4 6. Qxe4 Qd5 7. Qh4 Qe6+ 8. Be2 Qg4 9. Qg3 Qxg3 10. hxg3 h6 11. b3 Bf5 12. Bb2 Na6 13. a3 Bxc2 14. Nd4 Bg6 15. Bxa6 bxa6 16. Nxc6 Be4 17. Ne5 Bxg2 18. Rh4 Bd5 19. Rc1 e6 20. Rc7 Bd6 21. Nxf7 Bxc7 22. Nxh8 Bd8 23. Rf4 Bg5 24. Rf7 0-0-0 25. Bxg7 Bxb3 26. Rxa7 Bxd2+ 27. Kf1 Bc4+ 28. Kg2 Kb8 29. Re7 Bg5 30. Be5+ Ka8 31. Rc7 Bd5+ 32. Kh3 Bf3 33. Nf7 Rd1 34. Rc8+ Kb7 35. Rc7+ Kb6 36. g4 Bc6 37. Nxg5 hxg5 38. Kg3 Rd3+ 39. Kh2 Rxa3 40. Re7 Bd5 41. Bg3 Ra4 42. Bc7+ Kc6 43. Bg3 Rxg4 44. Rc7+ Kb6 45. Rc8 Rc4 46. Rg8 g4 47. Rg7 Bf3 48. Rg5 a5 49. Be5 a4 50. Rg7 a3 51. Kg3 a2 52. Rg8 Rc1 53. Rb8+ Ka7 0-1

[Event "Titled Tuesday intern op 20th Sep Late"]
[Site "Chess.com INT"]
[Date "2022.09.20"]
[Round "8"]
[White "Maksimovic, Bojan"]
[Black "Navarrete Mendez, Gonzalo Albe"]
[Result "0-1"]
[WhiteElo "2468"]
[BlackElo "2185"]
[PlyCount "104"]
[EventDate "2022.09.20"]
[EventType "swiss (blitz)"]
[EventRounds "11"]
[EventCountry "USA"]
[SourceTitle "EXT 2023"]
[Source "ChessBase"]
[SourceDate "2022.10.05"]
[SourceVersion "1"]
[SourceVersionDate "2022.10.05"]
[SourceQuality "1"]

1. e4 e5 2. Nf3 Nc6 3. Bb5 a6 4. Ba4 d6 5. 0-0 Nf6 6. Re1 b5 7. Bb3 Be7 8. c3 0-0 9. h3 Na5 10. Bc2 d5 11. exd5 e4 12. Bxe4 Nxe4 13. Rxe4 Bb7 14. d3 Re8 15. b4 Bxd5 16. Rxe7 Qxe7 17. Be3 Nc6 18. Nbd2 Qf6 19. Rc1 Ne5 20. Nxe5 Qxe5 21. a4 c6 22. a5 Rad8 23. Qg4 h5 24. Qg5 Qxg5 25. Bxg5 f6 26. Be3 g5 27. Kh2 Kf7 28. Rd1 Kg6 29. Rc1 f5 30. c4 bxc4 31. dxc4 Bxg2 32. Kxg2 Rxe3 33. fxe3 Rxd2+ 34. Kf3 g4+ 35. hxg4 hxg4+ 36. Kg3 Rb2 37. b5 axb5 38. cxb5 cxb5 39. Ra1 Rb3 40. Kf2 Rb2+ 41. Kg3 Re2 42. Kf4 Rf2+ 43. Ke5 Re2 44. Kd4 Rd2+ 45. Ke5 Kg5 46. a6 Rd8 47. a7 Ra8 48. Kd5 g3 49. Kc5 Kg4 50. Kxb5 Kf3 51. Rf1+ Kxe3 52. Rf4 Kxf4 0-1

[Event "Titled Tuesday intern op 20th Sep Late"]
[Site "Chess.com INT"]
[Date "2022.09.20"]
[Round "6"]
[White "Meduri, Aakaash"]
[Black "Navarrete Mendez, Gonzalo Albe"]
[Result "1/2-1/2"]
[WhiteElo "2063"]
[BlackElo "2185"]
[PlyCount "71"]
[EventDate "2022.09.20"]
[EventType "swiss (blitz)"]
[EventRounds "11"]
[EventCountry "USA"]
[SourceTitle "EXT 2023"]
[Source "ChessBase"]
[SourceDate "2022.10.05"]
[SourceVersion "1"]
[SourceVersionDate "2022.10.05"]
[SourceQuality "1"]

1. d4 d5 2. Nc3 e6 3. e4 Nf6 4. e5 Nfd7 5. f4 c5 6. Nce2 Nc6 7. Nf3 f6 8. c3 fxe5 9. fxe5 cxd4 10. cxd4 Bb4+ 11. Bd2 0-0 12. Bxb4 Nxb4 13. a3 Nc6 14. Qd2 Nb6 15. Nc3 Rxf3 16. gxf3 Qh4+ 17. Qf2 Qxd4 18. Qxd4 Nxd4 19. Kf2 Bd7 20. Rd1 Nb3 21. Bd3 Rc8 22. Rhg1 Nc5 23. Be2 Nba4 24. Nxa4 Bxa4 25. Rd4 b5 26. Rc1 Ne4+ 27. fxe4 Rxc1 28. exd5 exd5 29. Rxd5 Kf7 30. Bg4 Rc2+ 31. Kg3 Rxb2 32. Rd7+ Kg6 33. Rd6+ Kf7 34. Rd7+ Kg6 35. Rd6+ Kf7 36. Rd7+ 1/2-1/2

[Event "Titled Tuesday intern op 20th Sep Early"]
[Site "Chess.com INT"]
[Date "2022.09.20"]
[Round "11"]
[White "Navarrete Mendez, Gonzalo Albe"]
[Black "Malyi, Viacheslav"]
[Result "1/2-1/2"]
[WhiteElo "2185"]
[BlackElo "2391"]
[PlyCount "160"]
[EventDate "2022.09.20"]
[EventType "swiss (blitz)"]
[EventRounds "11"]
[EventCountry "USA"]
[SourceTitle "EXT 2023"]
[Source "ChessBase"]
[SourceDate "2022.10.05"]
[SourceVersion "1"]
[SourceVersionDate "2022.10.05"]
[SourceQuality "1"]

1. e4 e5 2. Nf3 Nc6 3. Bb5 a6 4. Ba4 Nf6 5. Nc3 b5 6. Bb3 Bc5 7. a4 Rb8 8. axb5 axb5 9. Nd5 d6 10. d3 Nxd5 11. Bxd5 Ne7 12. Bb3 0-0 13. Ng5 h6 14. h4 Ng6 15. Qh5 Qf6 16. Nf3 Be6 17. Bg5 Nf4 18. Bxf4 Qxf4 19. g3 Qg4 20. Qxg4 Bxg4 21. Nh2 Bd7 22. Nf1 Kh7 23. Ne3 f5 24. exf5 Bxf5 25. Nxf5 Rxf5 26. Rh2 Rbf8 27. 0-0-0 Rxf2 28. Rxf2 Rxf2 29. g4 Rg2 30. Be6 g6 31. h5 Kg7 32. Kb1 Kf6 33. Bd7 gxh5 34. gxh5 b4 35. Rh1 Rg1+ 36. Rxg1 Bxg1 37. Be8 Ke6 38. Bg6 d5 39. c3 Bc5 40. Kc2 bxc3 41. bxc3 Kd6 42. Bf7 Be3 43. Bg6 Bg5 44. Kd1 Kc5 45. Kc2 Kd6 46. Bf7 Bf4 47. Bg6 Kc5 48. Bh7 c6 49. Bg6 Kd6 50. Be8 Bg5 51. Bg6 Bh4 52. Be8 Bg3 53. Bg6 Bf2 54. Be8 Bb6 55. Bf7 Ba5 56. Bg6 Bd8 57. Bf7 Be7 58. Bg6 Bf6 59. Bh7 Bg5 60. Bg6 Bf4 61. Bh7 Bh2 62. Bg6 Bg1 63. Bh7 c5 64. Bg6 Bf2 65. Bh7 Bg3 66. c4 dxc4 67. dxc4 Ke6 68. Kd3 Kf6 69. Ke4 Bf2 70. Bg6 Bd4 71. Be8 Kg5 72. Bg6 Kf6 73. Be8 Kg5 74. Bg6 Kg4 75. Be8 Bc3 76. Bg6 Kg5 77. Be8 Kf6 78. Bg6 Ke7 79. Bf5 Bd4 80. Bg6 Kf6 1/2-1/2

[Event "Titled Tuesday intern op 20th Sep Early"]
[Site "Chess.com INT"]
[Date "2022.09.20"]
[Round "1"]
[White "Navarrete Mendez, Gonzalo Albe"]
[Black "Matta, Nicholas F"]
[Result "1-0"]
[WhiteElo "2185"]
[BlackElo "2167"]
[PlyCount "75"]
[EventDate "2022.09.20"]
[EventType "swiss (blitz)"]
[EventRounds "11"]
[EventCountry "USA"]
[SourceTitle "EXT 2023"]
[Source "ChessBase"]
[SourceDate "2022.10.05"]
[SourceVersion "1"]
[SourceVersionDate "2022.10.05"]
[SourceQuality "1"]

1. e4 c6 2. Nc3 d5 3. Nf3 Bg4 4. Be2 e6 5. d4 Nf6 6. e5 Nfd7 7. Ng5 Bxe2 8. Qxe2 Be7 9. Qh5 Bxg5 10. Bxg5 Qb6 11. 0-0-0 c5 12. Nxd5 exd5 13. e6 0-0 14. exd7 Nxd7 15. dxc5 Qxc5 16. Be3 Qc7 17. Qxd5 Rac8 18. c3 Nb6 19. Qd6 Qc4 20. Kb1 Qe4+ 21. Ka1 Nc4 22. Qd4 Qc2 23. Bc1 b5 24. b3 Nb6 25. Bb2 f6 26. Qd2 Qg6 27. h4 Rfd8 28. Qe2 Qxg2 29. Rdg1 Qb7 30. Qxb5 Rd5 31. Qe2 Rcd8 32. Qe6+ Kh8 33. h5 h6 34. Qg4 Rg5 35. Qe2 Qd5 36. Bc1 Rxg1 37. Rxg1 Qd2 38. Bxd2 1-0

[Event "Titled Tuesday intern op 20th Sep Late"]
[Site "Chess.com INT"]
[Date "2022.09.20"]
[Round "4"]
[White "Navarrete Mendez, Gonzalo Albe"]
[Black "Musovic, Armin"]
[Result "1/2-1/2"]
[WhiteElo "2185"]
[BlackElo "2316"]
[PlyCount "144"]
[EventDate "2022.09.20"]
[EventType "swiss (blitz)"]
[EventRounds "11"]
[EventCountry "USA"]
[SourceTitle "EXT 2023"]
[Source "ChessBase"]
[SourceDate "2022.10.05"]
[SourceVersion "1"]
[SourceVersionDate "2022.10.05"]
[SourceQuality "1"]

1. e4 c6 2. Nc3 d5 3. Nf3 dxe4 4. Nxe4 Nf6 5. Qe2 Nxe4 6. Qxe4 Qd5 7. Qh4 Qe6+ 8. Be2 Qg4 9. Qg3 Qxg3 10. hxg3 g6 11. Ng5 h5 12. Bc4 e6 13. d4 Bg7 14. c3 b5 15. Bb3 a5 16. a3 a4 17. Ba2 Na6 18. g4 hxg4 19. Rxh8+ Bxh8 20. Be3 Nc7 21. 0-0-0 Bg7 22. Rh1 Kf8 23. Bf4 Nd5 24. Bd6+ Kg8 25. Ne4 f5 26. Nc5 Ra7 27. Kd2 Bf6 28. g3 Bg5+ 29. Kd3 Be7 30. Be5 Bf6 31. Bxd5 Bxe5 32. Bxc6 Bd6 33. Bxb5 e5 34. Bxa4 Kg7 35. Bb3 Rc7 36. Ne6+ Bxe6 37. Bxe6 e4+ 38. Ke2 Rb7 39. b4 Ra7 40. Ra1 Kf6 41. Bd5 g5 42. a4 Rc7 43. c4 Bxb4 44. Rb1 Bc3 45. Ke3 Re7 46. Rb6+ Kg7 47. Re6 Ra7 48. Bc6 Ra6 49. d5 Bb4 50. Bb5 Bc5+ 51. Ke2 Rxe6 52. dxe6 Kf6 53. Bd7 f4 54. a5 f3+ 55. Ke1 Ke7 56. a6 Bb4+ 57. Kf1 Bc5 58. Bc8 e3 59. fxe3 Bxe3 60. Bd7 Ba7 61. Bc8 Bb8 62. Bd7 Ba7 63. Bc8 Bc5 64. Bd7 Kd8 65. Bc6 Ke7 66. Bd5 Ba7 67. Bb7 Kd6 68. Bc8 Ke7 69. Bd7 Be3 70. Bc8 Ba7 71. Bd7 Bc5 72. Bc8 Ba7 1/2-1/2

[Event "Titled Tuesday intern op 20th Sep Late"]
[Site "Chess.com INT"]
[Date "2022.09.20"]
[Round "5"]
[White "Rasulov, Vugar Ural Oglu"]
[Black "Navarrete Mendez, Gonzalo Albe"]
[Result "1/2-1/2"]
[WhiteElo "2512"]
[BlackElo "2185"]
[PlyCount "161"]
[EventDate "2022.09.20"]
[EventType "swiss (blitz)"]
[EventRounds "11"]
[EventCountry "USA"]
[SourceTitle "EXT 2023"]
[Source "ChessBase"]
[SourceDate "2022.10.05"]
[SourceVersion "1"]
[SourceVersionDate "2022.10.05"]
[SourceQuality "1"]

1. d4 d5 2. c4 dxc4 3. Nf3 a6 4. g3 b5 5. Bg2 Bb7 6. 0-0 e6 7. b3 cxb3 8. Qxb3 Nd7 9. a4 b4 10. a5 Ngf6 11. Nbd2 Bd6 12. Re1 0-0 13. e4 e5 14. Bb2 Re8 15. dxe5 Nxe5 16. Nxe5 Bxe5 17. Qxb4 Bxb2 18. Qxb2 Rb8 19. Qc3 h5 20. Rac1 h4 21. Rcd1 Qe7 22. e5 Ng4 23. Bxb7 Rxb7 24. Nf3 h3 25. Qc6 Rb5 26. Qxa6 Qc5 27. Re2 Rxa5 28. Qb7 Nxe5 29. Nxe5 Rxe5 30. Qc8+ Qf8 31. Qxc7 Rxe2 32. Qxa5 g6 33. Kf1 Re8 34. Qb5 Qe7 35. Kg1 Qe4 36. Qf1 Qf5 37. Rd4 Rb8 38. Rf4 Qd5 39. Rh4 Rb1 40. Rxh3 Rxf1+ 41. Kxf1 Qf3 42. Kg1 Kg7 43. Rh4 g5 44. Rd4 Qe2 45. h4 Qe5 46. Rg4 f6 47. hxg5 fxg5 48. Rc4 Kg6 49. Rc6+ Kh5 50. Rc1 Qe2 51. Kg2 Qe4+ 52. Kh2 Qe2 53. Kg2 Qe4+ 54. Kh2 Kg4 55. Rc3 Qe2 56. Kg2 Kh5 57. Re3 Qd2 58. Kf3 Qd1+ 59. Kg2 Kg6 60. Re6+ Kf5 61. Re3 Qd5+ 62. Kh2 Kg4 63. Rc3 Qb7 64. Re3 Qb2 65. Kg2 Kf5 66. Rf3+ Kg4 67. Re3 Kh5 68. Rd3 Kg6 69. Re3 Qc2 70. Kg1 Kf5 71. Kg2 Qc6+ 72. Kg1 Qc2 73. Kg2 g4 74. Re1 Qd2 75. Re3 Qd5+ 76. Kg1 Kg5 77. Re1 Qd2 78. Re3 Kf5 79. Kg2 Qc2 80. Re1 Qd2 81. Re3 1/2-1/2

[Event "Titled Tuesday intern op 20th Sep Early"]
[Site "Chess.com INT"]
[Date "2022.09.20"]
[Round "5"]
[White "Valle Maytin, Luis Enrique"]
[Black "Navarrete Mendez, Gonzalo Albe"]
[Result "0-1"]
[WhiteElo "2268"]
[BlackElo "2185"]
[PlyCount "56"]
[EventDate "2022.09.20"]
[EventType "swiss (blitz)"]
[EventRounds "11"]
[EventCountry "USA"]
[SourceTitle "EXT 2023"]
[Source "ChessBase"]
[SourceDate "2022.10.05"]
[SourceVersion "1"]
[SourceVersionDate "2022.10.05"]
[SourceQuality "1"]

1. e4 e5 2. Nf3 Nc6 3. Bb5 a6 4. Ba4 d6 5. 0-0 Bd7 6. c3 Nge7 7. Bc2 Ng6 8. Re1 Be7 9. d4 0-0 10. h3 Qc8 11. Nbd2 f5 12. exf5 Bxf5 13. Nf1 Nh4 14. Nxh4 Bxh4 15. Ng3 Bxh3 16. gxh3 Qxh3 17. Qd3 g6 18. Re3 Rxf2 19. Kxf2 Rf8+ 20. Ke2 Qg2+ 21. Kd1 Bxg3 22. Bb3+ Kg7 23. Bc4 Bf4 24. Re2 Qh1+ 25. Kc2 d5 26. Bb3 e4 27. Rxe4 dxe4 28. Qxe4 Qxe4+ 0-1

[Event "Titled Tuesday intern op 13th Sep Late"]
[Site "Chess.com INT"]
[Date "2022.09.13"]
[Round "7"]
[White "Navarrete Mendez, Gonzalo Albe"]
[Black "D'Arruda, Ricardo D"]
[Result "1-0"]
[WhiteElo "2185"]
[BlackElo "2271"]
[PlyCount "65"]
[EventDate "2022.09.13"]
[EventType "swiss (blitz)"]
[EventRounds "11"]
[EventCountry "USA"]
[SourceTitle "EXT 2023"]
[Source "ChessBase"]
[SourceDate "2022.10.05"]
[SourceVersion "1"]
[SourceVersionDate "2022.10.05"]
[SourceQuality "1"]

1. e4 c5 2. Nf3 Nc6 3. Nc3 e6 4. d4 cxd4 5. Nxd4 a6 6. Nb3 d6 7. Bd3 Nf6 8. f4 Be7 9. Qf3 Qc7 10. Bd2 b5 11. 0-0 Bb7 12. Rae1 Nb4 13. Nxb5 axb5 14. Bxb4 Qb6+ 15. Kh1 Rxa2 16. Qg3 0-0 17. Qh3 h6 18. Re3 Ng4 19. Ref3 f5 20. exf5 Bxf3 21. Qxf3 exf5 22. h3 Nf6 23. Bxf5 Re8 24. Bg6 Rd8 25. Qe2 Bf8 26. Qe6+ Kh8 27. Bc3 Qc7 28. Nd4 Raa8 29. Qf5 Qc4 30. Ne6 Qxf1+ 31. Kh2 Be7 32. Nxg7 Kxg7 33. Bh5 1-0

[Event "Titled Tuesday intern op 13th Sep Late"]
[Site "Chess.com INT"]
[Date "2022.09.13"]
[Round "5"]
[White "Navarrete Mendez, Gonzalo Albe"]
[Black "Martin Barcelo, Carles"]
[Result "0-1"]
[WhiteElo "2185"]
[BlackElo "2211"]
[PlyCount "126"]
[EventDate "2022.09.13"]
[EventType "swiss (blitz)"]
[EventRounds "11"]
[EventCountry "USA"]
[SourceTitle "EXT 2023"]
[Source "ChessBase"]
[SourceDate "2022.10.05"]
[SourceVersion "1"]
[SourceVersionDate "2022.10.05"]
[SourceQuality "1"]

1. e4 e6 2. d4 d5 3. Nc3 dxe4 4. Nxe4 Nd7 5. Bd3 Ngf6 6. Qe2 Nxe4 7. Bxe4 Be7 8. Nf3 0-0 9. h4 Nf6 10. Bd3 c5 11. dxc5 Qd5 12. Bg5 Qxc5 13. 0-0-0 Nd5 14. Bxe7 Qxe7 15. Bxh7+ Kxh7 16. Rxd5 f6 17. Rhd1 e5 18. Qe4+ Kg8 19. h5 Be6 20. Rd6 b6 21. Nh4 Rfd8 22. Ng6 Qe8 23. Qb7 Rxd6 24. Rxd6 Rd8 25. Ne7+ Kf8 26. Rxe6 Qxh5 27. Qf3 Qxf3 28. gxf3 Kf7 29. Nc6 Rd7 30. Rxe5 Rc7 31. Nd8+ Kg6 32. Rd5 Rc4 33. Kd2 Ra4 34. a3 Rf4 35. Ke3 Rc4 36. c3 Rc7 37. Ne6 Re7 38. Rd6 Kf5 39. Kd4 Rxe6 40. Rxe6 Kxe6 41. f4 Kf5 42. Ke3 Kg4 43. Ke4 g6 44. c4 f5+ 45. Ke5 Kf3 46. b4 Kxf2 47. c5 bxc5 48. bxc5 Kg3 49. c6 g5 50. fxg5 f4 51. c7 f3 52. c8Q f2 53. Qg4+ Kxg4 54. g6 f1Q 55. g7 Qa1+ 56. Ke6 Qxg7 57. Kd5 Qb7+ 58. Kc5 Qb6+ 59. Kc4 a5 60. Kc3 Kf5 61. Kc4 Ke5 62. Kc3 Kd5 63. a4 Qb4+ 0-1

[Event "Titled Tuesday intern op 06th Sep Early"]
[Site "Chess.com INT"]
[Date "2022.09.06"]
[Round "3"]
[White "Chernomordik, Pavel"]
[Black "Navarrete Mendez, Gonzalo Albe"]
[Result "1-0"]
[WhiteElo "2200"]
[BlackElo "2185"]
[PlyCount "73"]
[EventDate "2022.09.06"]
[EventType "swiss (blitz)"]
[EventRounds "11"]
[EventCountry "USA"]
[SourceTitle "EXT 2023"]
[Source "ChessBase"]
[SourceDate "2022.10.05"]
[SourceVersion "1"]
[SourceVersionDate "2022.10.05"]
[SourceQuality "1"]

1. e4 e5 2. Nf3 Nc6 3. Bb5 a6 4. Ba4 d6 5. c3 f5 6. d3 Nf6 7. Nbd2 Be7 8. h3 0-0 9. Bb3+ Kh8 10. Ng5 Qe8 11. Ne6 Bxe6 12. Bxe6 fxe4 13. dxe4 Nd8 14. Bb3 Qg6 15. Qf3 Nd7 16. Qg4 Qxg4 17. hxg4 Bg5 18. Nf3 Bxc1 19. Rxc1 g6 20. Ng5 Nf6 21. f3 Kg7 22. Nh3 h6 23. g5 Nh5 24. gxh6+ Kxh6 25. g4 Ng3 26. Rh2 Kg7 27. Ng5 Rh8 28. Rxh8 Kxh8 29. Kf2 Kg7 30. Kxg3 Kf6 31. Nh3 Nc6 32. g5+ Kg7 33. f4 exf4+ 34. Nxf4 Ne5 35. Ne6+ Kf7 36. Nxc7+ Ke7 37. Nxa8 1-0

[Event "Titled Tuesday intern op 06th Sep Early"]
[Site "Chess.com INT"]
[Date "2022.09.06"]
[Round "7"]
[White "Enkhtuul, Altanulzii"]
[Black "Navarrete Mendez, Gonzalo Albe"]
[Result "0-1"]
[WhiteElo "2295"]
[BlackElo "2185"]
[PlyCount "70"]
[EventDate "2022.09.06"]
[EventType "swiss (blitz)"]
[EventRounds "11"]
[EventCountry "USA"]
[SourceTitle "EXT 2023"]
[Source "ChessBase"]
[SourceDate "2022.10.05"]
[SourceVersion "1"]
[SourceVersionDate "2022.10.05"]
[SourceQuality "1"]

1. d4 d5 2. Nf3 Nf6 3. g3 c5 4. Bg2 cxd4 5. Nxd4 e5 6. Nb3 Nc6 7. 0-0 h5 8. Bg5 h4 9. Nc3 hxg3 10. hxg3 d4 11. Ne4 Be7 12. Bxf6 gxf6 13. e3 f5 14. Nec5 Qd6 15. exd4 Qh6 16. f4 e4 17. Kf2 Rg8 18. Qd2 Rxg3 19. Rh1 Bh4 20. Kf1 e3 21. Qe2 Qxf4+ 22. Kg1 Nxd4 23. Nxd4 Qxd4 24. Rd1 Qg4 25. Qxg4 Rxg4 26. Kf1 e2+ 27. Kxe2 Rxg2+ 28. Kf3 Rg4 29. c3 b6 30. Rxh4 Rxh4 31. Kg3 Rg4+ 32. Kh3 bxc5 33. Rd5 Be6 34. Rxc5 Ke7 35. Rc6 Rh8# 0-1

[Event "Titled Tuesday intern op 06th Sep Late"]
[Site "Chess.com INT"]
[Date "2022.09.06"]
[Round "9"]
[White "Navarrete Mendez, Gonzalo Albe"]
[Black "Fiorito, Francisco"]
[Result "1-0"]
[WhiteElo "2185"]
[BlackElo "2291"]
[PlyCount "47"]
[EventDate "2022.09.06"]
[EventType "swiss (blitz)"]
[EventRounds "11"]
[EventCountry "USA"]
[SourceTitle "EXT 2023"]
[Source "ChessBase"]
[SourceDate "2022.10.05"]
[SourceVersion "1"]
[SourceVersionDate "2022.10.05"]
[SourceQuality "1"]

1. e4 c5 2. Nf3 Nc6 3. Nc3 g6 4. Bc4 Bg7 5. 0-0 e6 6. d4 cxd4 7. Nb5 d6 8. Bg5 Nge7 9. Nfxd4 Nxd4 10. Nxd4 h6 11. Bh4 0-0 12. Bb3 Qd7 13. c3 Nc6 14. f4 Nxd4 15. cxd4 b6 16. f5 exf5 17. exf5 g5 18. f6 Bh8 19. Qh5 d5 20. Qxh6 Qg4 21. Bc2 Qxd4+ 22. Kh1 Bf5 23. Bxf5 Qxh4 24. Bh7# 1-0

[Event "Titled Tuesday intern op 06th Sep Early"]
[Site "Chess.com INT"]
[Date "2022.09.06"]
[Round "2"]
[White "Navarrete Mendez, Gonzalo Albe"]
[Black "Sarana, Alexey"]
[Result "0-1"]
[WhiteElo "2185"]
[BlackElo "2662"]
[PlyCount "138"]
[EventDate "2022.09.06"]
[EventType "swiss (blitz)"]
[EventRounds "11"]
[EventCountry "USA"]
[SourceTitle "EXT 2023"]
[Source "ChessBase"]
[SourceDate "2022.10.05"]
[SourceVersion "1"]
[SourceVersionDate "2022.10.05"]
[SourceQuality "1"]

1. e4 c5 2. Nf3 d6 3. Nc3 Nf6 4. Bc4 e6 5. d4 cxd4 6. Nxd4 a6 7. Bb3 Nbd7 8. Bg5 Nc5 9. f4 Be7 10. Qe2 0-0 11. 0-0-0 Bd7 12. g4 b5 13. e5 dxe5 14. Nc6 Bxc6 15. Rxd8 Bxd8 16. Rd1 exf4 17. Bxf4 Nfe4 18. Nxe4 Nxe4 19. c3 Be7 20. Bc2 Nf6 21. Bd6 Rfe8 22. Bxe7 Rxe7 23. Qe5 Rc8 24. g5 Nd5 25. Be4 Rec7 26. Bxd5 Bxd5 27. a3 a5 28. Rd4 g6 29. h4 Rc5 30. Qf6 Rb8 31. Kd2 Re8 32. Qe5 Rec8 33. Qf6 R5c6 34. Qe5 R6c7 35. Qf6 Rd7 36. Qe5 Re8 37. Ke3 Rb7 38. Qd6 Rc8 39. Qa6 Rcb8 40. Qxa5 Kg7 41. Qb4 h6 42. Qd6 hxg5 43. hxg5 Rh8 44. Qe5+ Kg8 45. Rb4 Rh3+ 46. Kf2 Rf3+ 47. Ke2 Rf5 48. Qd6 Bc4+ 49. Ke3 Rd5 50. Qf4 Rbd7 51. Rxc4 bxc4 52. Qxc4 Re5+ 53. Kf4 Rf5+ 54. Ke4 Rdd5 55. Qc8+ Kg7 56. Qb8 Rxg5 57. a4 Rg4+ 58. Kf3 Rxa4 59. b4 Ra3 60. Qc7 Rd3+ 61. Ke4 Raxc3 62. Qe5+ Kg8 63. Qb8+ Kh7 64. b5 Re3+ 65. Kd4 Red3+ 66. Ke4 Rd5 67. b6 Rb3 68. b7 Kg7 69. Kf4 Rdb5 0-1

[Event "Titled Tuesday intern op 06th Sep Early"]
[Site "Chess.com INT"]
[Date "2022.09.06"]
[Round "1"]
[White "Navarrete Mendez, Gonzalo Albe"]
[Black "Yeritsyan, Hayk"]
[Result "1-0"]
[WhiteElo "2185"]
[BlackElo "2231"]
[PlyCount "111"]
[EventDate "2022.09.06"]
[EventType "swiss (blitz)"]
[EventRounds "11"]
[EventCountry "USA"]
[SourceTitle "EXT 2023"]
[Source "ChessBase"]
[SourceDate "2022.10.05"]
[SourceVersion "1"]
[SourceVersionDate "2022.10.05"]
[SourceQuality "1"]

1. e4 c6 2. Nc3 d5 3. Nf3 Bg4 4. Be2 e6 5. d4 Nf6 6. e5 Nfd7 7. Ng5 Bxe2 8. Qxe2 Be7 9. Qh5 Bxg5 10. Bxg5 Qb6 11. 0-0-0 c5 12. Nxd5 exd5 13. e6 0-0 14. exd7 Nxd7 15. dxc5 Nxc5 16. Be3 Rac8 17. Rxd5 g6 18. Qe5 Rfe8 19. Qd4 Ne6 20. Qa4 Qc6 21. Qxc6 Rxc6 22. Rd7 Rec8 23. c3 R6c7 24. Rhd1 a6 25. Bb6 Rxd7 26. Rxd7 Rb8 27. Ba7 Rd8 28. Rxb7 Rd5 29. Be3 g5 30. Ra7 a5 31. c4 Re5 32. Kc2 f5 33. Kd3 f4 34. Bb6 h5 35. Rxa5 Re1 36. Kd2 Rb1 37. Kc2 Rg1 38. g3 Rg2 39. gxf4 gxf4 40. Rxh5 Kf7 41. Kd3 Kg6 42. Re5 Kf6 43. Rd5 f3 44. Ke4 Ng5+ 45. Kf4 Nh3+ 46. Kxf3 Rg8 47. Bd4+ Ke6 48. Be3 Ng1+ 49. Ke4 Rg4+ 50. Kd3 Rh4 51. Rb5 Rxh2 52. Rb6+ Kd7 53. Rd6+ Kc7 54. Bf4 Rg2 55. Rg6+ Kd7 56. Rxg2 1-0

[Event "Titled Tuesday intern op 30th Aug Early"]
[Site "Chess.com INT"]
[Date "2022.08.30"]
[Round "8"]
[White "Ahmadzada, Ahmad Samir"]
[Black "Navarrete Mendez, Gonzalo Albe"]
[Result "0-1"]
[WhiteElo "2486"]
[BlackElo "2185"]
[PlyCount "130"]
[EventDate "2022.08.30"]
[EventType "swiss (blitz)"]
[EventRounds "11"]
[EventCountry "USA"]
[SourceTitle "EXT 2023"]
[Source "ChessBase"]
[SourceDate "2022.10.05"]
[SourceVersion "1"]
[SourceVersionDate "2022.10.05"]
[SourceQuality "1"]

1. Nf3 d5 2. c4 dxc4 3. Qa4+ Nc6 4. Qxc4 e5 5. d3 Be6 6. Qc2 Nf6 7. a3 Nd4 8. Nxd4 exd4 9. Nd2 Bd6 10. Nf3 c5 11. g3 h5 12. Bg2 h4 13. Nxh4 Rxh4 14. gxh4 Nh5 15. Bg5 f6 16. Bf3 fxg5 17. Bxh5+ Kf8 18. hxg5 Qxg5 19. Bf3 Re8 20. h4 Qf4 21. Qd2 Qf7 22. Qg5 Qc7 23. 0-0 Bf4 24. Qg6 Bf7 25. Qg4 Re6 26. Be4 Rh6 27. e3 Be5 28. f4 Bf6 29. Rf3 Rxh4 30. Qg2 dxe3 31. Re1 Bd4 32. Re2 Qe7 33. Rh3 Be6 34. Rxh4 Qxh4 35. Qg5 Qh3 36. Qg2 Qh4 37. f5 Bb3 38. Qh2 Qxh2+ 39. Kxh2 Bd1 40. Re1 e2 41. Bf3 Bf2 42. Rxd1 exd1Q 43. Bxd1 Bd4 44. b3 Bb2 45. a4 Ba3 46. Bf3 b6 47. Kg3 Bb4 48. Kg4 Ke7 49. Bd5 Kf6 50. Bc4 Bc3 51. Kf4 Bd4 52. Ke4 Bf2 53. Be6 Bd4 54. Kd5 Bc3 55. Kc4 Ba5 56. Kb5 g6 57. Bd7 gxf5 58. Ka6 Ke5 59. Kxa7 f4 60. Bc6 Kd4 61. Ka6 Kxd3 62. Kb5 Ke3 63. Kc4 f3 64. Bd7 f2 65. Bh3 Ke2 0-1

[Event "Titled Tuesday intern op 30th Aug Early"]
[Site "Chess.com INT"]
[Date "2022.08.30"]
[Round "4"]
[White "Baruch, Liam"]
[Black "Navarrete Mendez, Gonzalo Albe"]
[Result "0-1"]
[WhiteElo "1429"]
[BlackElo "2185"]
[PlyCount "110"]
[EventDate "2022.08.30"]
[EventType "swiss (blitz)"]
[EventRounds "11"]
[EventCountry "USA"]
[SourceTitle "EXT 2023"]
[Source "ChessBase"]
[SourceDate "2022.10.05"]
[SourceVersion "1"]
[SourceVersionDate "2022.10.05"]
[SourceQuality "1"]

1. e4 e5 2. Nf3 Nc6 3. d4 exd4 4. Nxd4 Qf6 5. Be3 Bc5 6. c3 Nge7 7. Be2 d5 8. 0-0 0-0 9. Nxc6 Qxc6 10. Bxc5 Qxc5 11. Nd2 Be6 12. Nb3 Qb6 13. Bf3 Rad8 14. Qc2 a5 15. Rfe1 c5 16. Rad1 a4 17. Nd2 a3 18. b3 d4 19. Nb1 dxc3 20. Nxa3 Qa5 21. Nb1 Nc6 22. Qxc3 Qxa2 23. Qxc5 Qxb3 24. Nd2 Qa4 25. Nf1 Nd4 26. Ne3 Nxf3+ 27. gxf3 h6 28. Nd5 Bxd5 29. Rxd5 Qb3 30. Red1 Qxd1+ 31. Rxd1 Rxd1+ 32. Kg2 Rd7 33. Qb6 Rfd8 34. e5 Re8 35. f4 Rde7 36. Qb3 Rb8 37. Qb4 Re6 38. Kf3 b5 39. Qb2 b4 40. f5 Rc6 41. f6 b3 42. fxg7 Rg6 43. h4 Rxg7 44. Ke3 Rg6 45. Kd4 Rg4+ 46. Kd5 Rxh4 47. Kd6 Rg4 48. e6 Rg6 49. Kd7 Rxe6 50. f4 Rg6 51. f5 Rg5 52. f6 Rg6 53. Ke7 Rb7+ 54. Ke8 Kh7 55. Kf8 Rg8# 0-1